| 000 | 00421nam a2200157Ia 4500 | ||
|---|---|---|---|
| 008 | 220803s9999 xx 000 0 und d | ||
| 020 | _a9780415832625 | ||
| 041 | _aeng | ||
| 082 | _a696.2 STO | ||
| 100 |
_aStollard P _925805 |
||
| 245 | _aFire From First Principles : A Design Guide To International Building Fire Safety | ||
| 250 | _a4th | ||
| 260 |
_aNew York _bRoutledge _c2014 |
||
| 300 | _a194p | ||
| 500 | _aARCHI | ||
| 999 |
_c16535 _d16535 |
||